LEADER 01434nam a2200313 i 4500 001 000000175265 003 CaOOAMICUS 005 20081117000000.0 008 081117s2008 it u000 u ita u 013 $a152742 020 $a978-88-7357-461-3 040 $aSeMil$bita 100 1 $aBernard, Charles-André,$c.$0(OLS)http://semarc/name/774 240 13$aLe Coeur du Christ et ses symboles.$0(OLS)http://semarc/title/251345 245 13$aIl cuore di Cristo e i suoi simboli /$cCharles André Bernard ; Nuova edizione interamente rivista e aumentata a cura di Maria Giovanna Muzj. 260 $aRoma :$bAdP,$ccopyr. 2008. 300 $a115 p., [16] p. di tav. :$bill. ;$c22 cm. 490 0 $aStudi sul cuore di Cristo 500 $aContiene : Bibliografia scelta. - Dono del card. Dionigi Tettamanzi. 650 4$aSacro Cuore di Gesù.$0(OLS)http://semarc/subject/131 700 1 $aMuzj, Maria Giovanna.$0(OLS)http://semarc/name/54461 830 0$aStudi sul cuore di Cristo.$0(OLS)http://semarc/title/12670 850 $aSeMil 852 $aSeMil$W1$xVenegono$y1$m3F IV 194$j126088$B126088$CSeMilBibl$Z2$F137999 $81 941 1 $a5 961 $aOmaggio: Tettamanzi Card. Dionigi 996 $6020$a978-88-7357-461-3$9(OLS)http://semarc/number/163472 996 $6245$aIl cuore di Cristo e i suoi simboli$9(OLS)http://semarc/title/251344 996 $6260$aRoma :$bAdP$9(OLS)http://semarc/publisher/32136 LEADER 01018nam a2200217 4500 001 000000354959 003 CaOOAMICUS 005 20230809100603.0 008 230809s1833 it 000 u ita r 040 $aSeMil$bita 100 11$aLessing, Gotthold Ephraim,$d<1729-1784>.$0(OLS)http://semarc/name/692 245 10$aDel Laocoonte, o sia Dei limiti della pittura e della poesia /$cdiscorso di G. E. Lessing ; recato dal tedesco in italiano dal Cavaliere C. G. Londonio. 264 1$aMilano :$bPer Antonio Fontana,$c1833. 300 $aVIII, 242 p. ;$c22 cm 650 4$aEstetica.$0(OLS)http://semarc/subject/618 700 1 $aLandonio, C. G.$0(OLS)http://semarc/name/118030 850 $aSeMil 852 $aSeMil$W1$xVenegono$y1$m5C IV 3 FA$j242994$B246243$CSeMilBibl$Z2$F246243 $8I 996 $6245$aDel Laocoonte, o sia Dei limiti della pittura e della poesia$9(OLS)http://semarc/title/445121 996 $6264$aMilano :$bPer Antonio Fontana$9(OLS)http://semarc/publisher/35032 LEADER 01043nam a2200229 i 4500 001 000000210786 003 CaOOAMICUS 005 20230707145706.0 008 120213s1816 it u000 u ita u 026 $ar-no o.te c.si vice (7) 1816 (A) 040 $aSeMil$bita 100 1 $aMaggi, Carlo Maria,$d<1630-1699>.$0(OLS)http://semarc/name/4534 245 10$aOpere di Carlo Maria Maggi. Vol. 1. Commedie. 300 $a367 p. 500 $aContiene: I consigli di Meneghino; Il barone di Birbanza; Il manco male 650 4$aPoesia dialettale - Milano.$0(OLS)http://semarc/subject/1291 700 1 $aPirotta, Giovanni,$c.$0(OLS)http://semarc/name/2725 773 0 $tCollezione delle migliori opere scritte in dialetto milanese. Volume 1. [-12.].$dMilano : Presso Giovanni Pirotta, 1816-1817.$g2$w()26254 850 $aSeMil 852 $aSeMil$W1$xVenegono$y1$m1S VI 46 FA$j161233$B161233$CSeMilBibl$Z2$F172396 $8I 996 $6245$aOpere di Carlo Maria Maggi. Vol. 1. Commedie$9(OLS)http://semarc/title/304596